000 00624cas a22001935a 4500
001 ##L132621
008 060223d19321964xxkmr p 0 a0eng u
035 _a(Sirsi) u132621
041 0 _aeng
110 2 _aIncorporated Society of Auctioneers and Landed Property Agents
_94878
245 0 0 _aIncorporated Auctioneers Journal
260 _aLondon
_bISALPA
_c1932-1964
362 _a6(63) March 1932-38(11) December 1964
554 _a12 per year
651 4 _aEngland and Wales
_y1543-
690 _aPROPERTY
780 0 0 _tThe Journal of the Incorporated Society of Auctioneers and Landed Property Agents
942 _n0
999 _c118855
_d118855